| 000 -LEADER |
| fixed length control field |
00509nam a2200205 i 4500 |
| 001 - CONTROL NUMBER |
| control field |
2207432 |
| 005 - DATE AND TIME OF LATEST TRANSACTION |
| control field |
20180302034850.0 |
| 008 - FIXED-LENGTH DATA ELEMENTS--GENERAL INFORMATION |
| fixed length control field |
750616s1975 nyua p 001 0 eng |
| 010 ## - LIBRARY OF CONGRESS CONTROL NUMBER |
| LC control number |
74084641 |
| 020 ## - INTERNATIONAL STANDARD BOOK NUMBER |
| International Standard Book Number |
0879010371 |
| 040 ## - CATALOGING SOURCE |
| Original cataloging agency |
DLC |
| Transcribing agency |
DLC |
| Modifying agency |
DLC |
| 041 ## - LANGUAGE CODE |
| Language code of text/sound track or separate title |
eng |
| 080 ## - UNIVERSAL DECIMAL CLASSIFICATION NUMBER |
| Universal Decimal Classification number |
512.9042 gay |
| 082 00 - DEWEY DECIMAL CLASSIFICATION NUMBER |
| Classification number |
512.9042 gay |
| 100 ## - Rafti |
| Rafti |
35 |
| 101 ## - Shkurtesa |
| Shkurtesa |
mat |
| 245 00 - TITLE STATEMENT |
| Title |
Introductory algebra / |
| Statement of responsibility, etc |
Dennis Bila ... [et al.]. |
| 906 ## - LOCAL DATA ELEMENT F, LDF (RLIN) |
| a |
7 |
| b |
cbc |
| c |
orignew |
| d |
2 |
| e |
opcn |
| f |
19 |
| g |
y-gencatlg |
| 942 ## - ADDED ENTRY ELEMENTS (KOHA) |
| Source of classification or shelving scheme |
|
| Item type |
Books |